Pays les plus peuplés en 2100 - Statistiques

Statistiques générales
  • Ce quiz a été pris 319 fois
  • Le résultat moyen est 8 sur 10
Statistiques - réponses
Population estimée en 2100 Pays % Correct
1,004 milliard Chine
100%
1,66 milliard Inde
99%
209 millions Niger
89%
752 millions Nigeria
87%
450 millions Etats-Unis
86%
314 millions Indonésie
85%
364 millions Pakistan
82%
389 millions R.D. Congo
72%
243 millions Ethiopie
67%
299 millions Tanzanie
47%
Aucun quiz correspondant
Distribution des résultats
% des personnes avec chaque résultat
Percentile par nombre de réponses
Votre historique - résultats
Vous n’avez pas pris ce quiz